书目信息 |
| 题名: |
通风与空调工程
|
|
| 作者: | 杨婉 主编 | |
| 分册: | ||
| 出版信息: | 北京 中国建筑工业出版社 2018.05 |
|
| 页数: | 10, 297页 | |
| 开本: | 26cm | |
| 丛书名: | ||
| 单 册: | ||
| 中图分类: | TU83 | |
| 科图分类: | ||
| 主题词: | 通风设备--tong feng she bei--建筑安装工程--高等职业教育--教材 , 空气调节设备--kong qi tiao jie she bei--建筑安装工程--高等职业教育--教材 | |
| 电子资源: | ||
| ISBN: | 978-7-112-21831-8 | |
| 000 | 01335nam0 2200265 450 | |
| 001 | 0100002111 | |
| 005 | 20190312113510.98 | |
| 010 | @a978-7-112-21831-8@dCNY39.00 | |
| 100 | @a20180517d2018 em y0chiy50 ea | |
| 101 | 0 | @achi |
| 102 | @aCN@b110000 | |
| 105 | @aak a 000yy | |
| 200 | 1 | @a通风与空调工程@Atong feng yu kong tiao gong cheng@eMOOC版@f杨婉主编 |
| 210 | @a北京@c中国建筑工业出版社@d2018.05 | |
| 215 | @a10, 297页@c图@d26cm | |
| 300 | @a全国高职高专教育土建类专业教学指导委员会规划推荐教材 | |
| 320 | @a有书目 (第297页) | |
| 330 | @a全书共14个单元, 阐述了通风与空气调节工程的基础理论知识和专业技术知识。全书注重工程性和实用性, 主要内容包括通风方式, 全面通风, 局部通风, 自然通风, 通风排气中有害物的净化, 湿空气焓湿图及应用, 空调房间冷 (热) 、湿负荷计算, 空气热、湿处理过程及空调设备, 空气调节系统, 空气的净化处理, 空调风系统设计计算, 空调冷源设备与水系统, 通风与空调节能技术等内容。同时, 在编写中贯彻了最新规范、标准和技术措施。 | |
| 333 | @a住房城乡建设部土建类学科专业“十三五”规划教材 供热通风与空调工程技术专业适用 | |
| 606 | 0 | @a通风设备@Atong feng she bei@x建筑安装工程@x高等职业教育@j教材 |
| 606 | 0 | @a空气调节设备@Akong qi tiao jie she bei@x建筑安装工程@x高等职业教育@j教材 |
| 690 | @aTU83@v5 | |
| 701 | 0 | @a杨婉@Ayang wan@4主编 |
| 801 | 0 | @aCN@c20180901 |
| 905 | @a河南城建学院图书馆@dTU83@eY2953 | |
| 通风与空调工程:MOOC版/杨婉主编.-北京:中国建筑工业出版社,2018.05 |
| 10, 297页:图;26cm |
| 全国高职高专教育土建类专业教学指导委员会规划推荐教材.-使用对象:住房城乡建设部土建类学科专业“十三五”规划教材 供热通风与空调工程技术专业适用 |
| ISBN 978-7-112-21831-8:CNY39.00 |
| 全书共14个单元, 阐述了通风与空气调节工程的基础理论知识和专业技术知识。全书注重工程性和实用性, 主要内容包括通风方式, 全面通风, 局部通风, 自然通风, 通风排气中有害物的净化, 湿空气焓湿图及应用, 空调房间冷 (热) 、湿负荷计算, 空气热、湿处理过程及空调设备, 空气调节系统, 空气的净化处理, 空调风系统设计计算, 空调冷源设备与水系统, 通风与空调节能技术等内容。同时, 在编写中贯彻了最新规范、标准和技术措施。 |
| ● |
| 相关链接 |
|
|
|
正题名:通风与空调工程
索取号:TU83/Y2953
 
预约/预借
| 序号 | 登录号 | 条形码 | 馆藏地/架位号 | 状态 | 备注 |
| 1 | 1244891 | 212448911 | 建筑库201/201建筑库 51排3列4层/ [索取号:TU83/Y2953] | 在馆 | |
| 2 | 1382380 | 213823807 | 建筑库201/201建筑库 51排3列4层/ [索取号:TU83/Y295-3] | 在馆 | |
| 3 | 1382381 | 213823816 | 建筑库201/201建筑库 51排3列4层/ [索取号:TU83/Y295-3] | 在馆 |